Together forever : (Record no. 132407)

MARC details
000 -LEADER
fixed length control field 00804nam a22002417a 4500
005 - DATE AND TIME OF LATEST TRANSACTION
control field 20170124110154.0
010 ## - LIBRARY OF CONGRESS CONTROL NUMBER
LC control number A-709130
020 ## - INTERNATIONAL STANDARD BOOK NUMBER
Terms of availability 00.00
International Standard Book Number 8120716744
035 ## - SYSTEM CONTROL NUMBER
System control number A-709130
037 ## - SOURCE OF ACQUISITION
Source of stock number/acquisition Cen Lib/Ret
040 ## - CATALOGING SOURCE
Original cataloging agency DPL
Language of cataloging EN
082 ## - DEWEY DECIMAL CLASSIFICATION NUMBER
Classification number 173
Item number KHA
100 ## - MAIN ENTRY--PERSONAL NAME
Personal name Khavari, Khalil A.
9 (RLIN) 34615
245 ## - TITLE STATEMENT
Title Together forever :
Statement of responsibility, etc by Khalil A. Khaveri [and] Sue Williston Khavari
Remainder of title a handbook for creating a successful marriage /
260 ## - PUBLICATION, DISTRIBUTION, ETC. (IMPRINT)
Place of publication, distribution, etc New Delhi
Name of publisher, distributor, etc Sterling paperbacks
Date of publication, distribution, etc 1994
270 ## - ADDRESS
City New Delhi
Address L-10, Green aprk extension
Postal code 110016
300 ## - PHYSICAL DESCRIPTION
Extent ix,243p.
Dimensions 17cm(Hb)
500 ## - GENERAL NOTE
General note Includes bibliographical references
650 ## - SUBJECT ADDED ENTRY--TOPICAL TERM
Topical term or geographic name as entry element Philosophy
9 (RLIN) 95583
650 ## - SUBJECT ADDED ENTRY--TOPICAL TERM
Topical term or geographic name as entry element Marriage life
9 (RLIN) 34617
700 ## - ADDED ENTRY--PERSONAL NAME
Personal name Khavari, Sue Williston
9 (RLIN) 95584
942 ## - ADDED ENTRY ELEMENTS (KOHA)
Source of classification or shelving scheme Dewey Decimal Classification
Koha item type English Books
Classification part 173
Call number suffix KHA
Holdings
Withdrawn status Lost status Damaged status Not for loan Home library Current library Date acquired Source of acquisition Cost, normal purchase price Total Checkouts Full call number Barcode Date last seen Date checked out Copy number Cost, replacement price Price effective from Koha item type
        Central Library Central Library 22/07/2015 Cen Lib/Ret 0.00 2 173 KHA A-709130 01/01/2020 05/12/2019 1 0.00 22/07/2015 English Books

© Delhi Public Library
Hit Counter
free hit counter